Bertrand Russell ky Tashqiqi Mazameen / (Record no. 525385)

000 -LEADER
fixed length control field 00580nam a22001937a 4500
003 - CONTROL NUMBER IDENTIFIER
control field NUST
005 - DATE AND TIME OF LATEST TRANSACTION
control field 20190702044757.0
008 - FIXED-LENGTH DATA ELEMENTS--GENERAL INFORMATION
fixed length control field 190702b ||||| |||| 00| 0 eng d
038 ## - RECORD CONTENT LICENSOR
Staff Name waseem
082 ## - DEWEY DECIMAL CLASSIFICATION NUMBER
Classification number 149.73
Author Mark KHA
100 ## - MAIN ENTRY--PERSONAL NAME
Personal name Khamis, Hussain Bin
9 (RLIN) 16243
245 ## - TITLE STATEMENT
Title Bertrand Russell ky Tashqiqi Mazameen /
Statement of responsibility, etc. Hussain Bin Khamis
260 ## - PUBLICATION, DISTRIBUTION, ETC.
Place of publication, distribution, etc. Lahore :
Name of publisher, distributor, etc. Akram Printers,
Date of publication, distribution, etc. 2007.
300 ## - PHYSICAL DESCRIPTION
Extent 232 p. ;
500 ## - GENERAL NOTE
General note Hardcover.
880 ## - ALTERNATE GRAPHIC REPRESENTATION
Linkage 100-01\r
Title حسین بن خامس
880 ## - ALTERNATE GRAPHIC REPRESENTATION
Linkage 245-02\r
Title برٹرنڈرسل کے تشکیکی مضامین /
942 ## - ADDED ENTRY ELEMENTS (KOHA)
Source of classification or shelving scheme
Koha item type Book
Holdings
Withdrawn status Lost status Source of classification or shelving scheme Damaged status Not for loan Permanent Location Current Location Date acquired Total Checkouts Full call number Barcode Date last seen Date last checked out Price effective from Koha item type
          Central Library (CL) Central Library (CL) 07/02/2019 1 149.73 KHA CL-E-234 09/26/2024 06/06/2024 07/02/2019 Book
© 2023 Central Library, National University of Sciences and Technology. All Rights Reserved.